Aves (Record no. 43170)

MARC details
000 -Etiqueta do registo
Valores 00565nam a2200229 4500
010 ## - Número ISBN
ISBN 9895500246
100 ## - Dados gerais de processamento
Dados gerais 20030703d2002 k y0pory5003 ba
101 1# - Língua de publicação
Língua por
102 ## - País de publicação
País PT
200 1# - Titulo e menção de responsabilidade
Título próprio Aves
Primeira menção de responsabilidade escrito e editado Samantha Gray e Sarah Walker
210 ## - Publicação
Local de publicação Porto
Nome do editor Civilizacão
Data de publicação cop. 2002
215 ## - Descrição física 
Paginação / Volumes 48 p.
Outras indicações físicas il
225 2# - Colecção 
Título próprio da colecção Mundo fantástico
304 ## - Nota relativa ao título
Texto de nota Trad. de: Birds
675 ## - CDU
Notação 598.2
675 ## - CDU
Notação 55/59
Edição BN
Língua por
700 #1 - Autor principal
Apelido Gray
Nome Samantha
701 #1 - Autor co-responsavel
Apelido Walker
Nome Sarah
Função 070
801 #0 - Fonte de origem
País PT
Agência ESEC
Regras de catalogação RPC
990 ## - Elementos KOHA
Tipo de documento Livro
Holdings
Aquisição Empréstimo Código de barras Cota Permissão de empréstimo Tipo de documento
Biblioteca do Centro Escolar de Redondo Biblioteca do Centro Escolar de Redondo 79979 598.2 AA.VV. AVES   Livro

Powered by Koha